Little house on the freeway : (Record no. 4053)

MARC details
000 -LEADER
fixed length control field 00826cam a2200265 a 4500
001 - CONTROL NUMBER
control field 1005049
003 - CONTROL NUMBER IDENTIFIER
control field GBCCL
005 - DATE AND TIME OF LATEST TRANSACTION
control field 20241126110509.0
008 - FIXED-LENGTH DATA ELEMENTS--GENERAL INFORMATION
fixed length control field 870610s1987 oru b 000 0 eng
010 ## -
-- 87015395
020 ## - INTERNATIONAL STANDARD BOOK NUMBER
International Standard Book Number 0880702052 :
Terms of availability $10.95
040 ## - CATALOGING SOURCE
Original cataloging agency DLC
Transcribing agency DLC
Modifying agency DLC
050 00 -
-- BV4501.2
-- .K4933 1987
082 00 - DEWEY DECIMAL CLASSIFICATION NUMBER
Classification number 248.4
Edition information 19
Item number KIM
100 1# - MAIN ENTRY--PERSONAL NAME
Personal name Kimmel, Tim.
9 (RLIN) 7805
245 10 - TITLE STATEMENT
Title Little house on the freeway :
Remainder of title help for the hurried home /
Statement of responsibility, etc. Tim Kimmel.
260 ## - PUBLICATION, DISTRIBUTION, ETC.
Place of publication, distribution, etc. Portland, Or. :
Name of publisher, distributor, etc. Multnomah Press,
Date of publication, distribution, etc. c1987.
300 ## - PHYSICAL DESCRIPTION
Extent 223, [1] p. ;
Dimensions 22 cm.
504 ## - BIBLIOGRAPHY, ETC. NOTE
Bibliography, etc. note Bibliography: p. [224]
650 #0 - SUBJECT ADDED ENTRY--TOPICAL TERM
Topical term or geographic name entry element Christian life.
9 (RLIN) 183
650 #0 - SUBJECT ADDED ENTRY--TOPICAL TERM
Topical term or geographic name entry element Marriage
General subdivision Religious aspects
-- Christianity.
9 (RLIN) 295
650 #0 - SUBJECT ADDED ENTRY--TOPICAL TERM
Topical term or geographic name entry element Families
General subdivision Religious life.
9 (RLIN) 1360
906 ## - LOCAL DATA ELEMENT F, LDF (RLIN)
a 7
b cbc
c orignew
d 1
e ocip
f 19
g y-gencatlg
942 ## - ADDED ENTRY ELEMENTS (KOHA)
Source of classification or shelving scheme Dewey Decimal Classification
Koha item type Books
Holdings
Withdrawn status Lost status Source of classification or shelving scheme Damaged status Not for loan Home library Current Library Shelving location Date acquired Total checkouts Full call number Barcode Date last seen Copy number Price effective from Koha item type
    Dewey Decimal Classification     GRACE BIBLE COLLEGE GRACE BIBLE COLLEGE Ministry & Mission 2018-01-10   248.4 KIM 006619 2025-05-01 c.1 2018-01-10 Books
© Grace Bible College Library 2025